Hasičská vozidla česká a slovenská hasičská technika od roku 1904 do současnosti

Bibliographic Details
Main Author: Šuman-Hreblay, Marián, 1950- (Author)
Other Authors: Valdhans, Petr (Translator)
Format: Book
Language:Czech
Slovak
PhysicalDescription:216 s. faksim., fotogr. , ilustr., tab., portréty 25 cm
Published: Brno CPress 2017
ISBN:9788026413882
Edition:2. vyd.
Series:Autosalon (Computer Press)
Subjects:

MARC

LEADER 00000cam a2200000 a 4500
001 vtls011615609
003 SK-MaSNL
005 20260425233344.0
008 240318s2017 xr hoace f 001 0 cze
015 |a SNBZSA2017/07 
020 |a 9788026413882  |q (viazané) 
035 |a urn:nbn:sk:snk-am00dg3d 
035 |a urn:nbn:sk:snk-am3i13j 
035 |a 4A54792C-2DBE-40DB-8381-9588E42F4C8B 
040 |a SNK  |b slo  |c SNK  |e AACR2 
041 1 |a cze  |h slo 
043 |a e-cs---  |a e-xr---  |a e-xo--- 
044 |a xr  |c CZ 
072 7 |a 614.84  |x Požiare. Ochrana pred požiarmi  |2 konspekt 
080 |a 614.846.6  |2 2011 
080 |a 614.843/.847  |2 2011 
080 |a 614.842-051  |2 2011 
080 |a (437.3)  |2 2011 
080 |a (437.6)  |2 2011 
080 |a (437)  |2 2011 
080 |a (048.8)  |2 2011 
080 |a (035)  |2 2011 
100 1 |a Šuman-Hreblay, Marián,  |d 1950-  |4 aut  |9 179820 
245 1 0 |a Hasičská vozidla  |b česká a slovenská hasičská technika od roku 1904 do současnosti  |c Marián Šuman-Hreblay ; [překlad: Per Valdhans] 
246 3 0 |a Česká a slovenská hasičská technika od roku 1904 do současnosti 
250 |a 2. vyd. 
260 |a Brno  |b CPress  |c 2017 
300 |a 216 s.  |b faksim., fotogr. , ilustr., tab., portréty  |c 25 cm 
490 1 |a Autosalon 
504 |a Bibliogr. ; register 
648 7 |a 20.-21. stor.  |2 SNKPH  |9 270701 
650 0 7 |a požiarne vozidlá  |2 SNKPH  |9 51048 
650 0 7 |a požiarna technika  |2 SNKPH  |9 69222 
650 0 7 |a Fire fighting vehicles  |2 SNKPHeng  |9 411516 
650 0 7 |a Fire technique  |2 SNKPHeng  |9 336533 
650 0 7 |a hasiči  |2 SNKPH  |9 1505 
650 0 7 |a Fire fighters  |2 SNKPHeng  |9 343753 
651 7 |a Česko  |2 SNKPH  |9 16753 
651 7 |a Slovensko  |2 SNKPH  |9 14231 
651 7 |a Czechia  |2 SNKPHeng  |9 170107 
651 7 |a Slovakia  |2 SNKPHeng  |9 92630 
651 7 |a Československo  |2 SNKPH  |9 21376 
651 7 |a Czechoslovakia  |2 SNKPHeng  |9 265183 
655 7 |a prehľady  |2 SNKPH  |9 70194 
655 7 |a Surveys  |2 SNKPHeng  |9 266058 
655 7 |a príručky  |2 SNKPH  |9 74364 
655 7 |a Handbooks, manuals, etc.  |2 SNKPHeng  |9 90964 
700 1 |a Valdhans, Petr  |4 trl  |9 334951 
830 0 |a Autosalon (Computer Press)  |9 411519 
919 |a 978-80-264-1388-2 
958 |a ZS 
958 |a NB 
999 |c 763536  |d 765466 
952 |a SNK  |b SNK  |y PREZ  |7 0  |p 17A1260349  |o snkSC 175062  |i snk2017/13802  |8 4  |g 12.40  |0 0  |1 0  |4 0  |d 2017-05-04  |f 1  |l 0  |r 2025-09-16 00:00:00  |w 2026-02-24 
952 |t snkŠUM 614.84  |a SNKUST  |b SNKUST  |y PREZ  |7 0  |p 17A1260350  |o snkSC 175062 D1  |i snk2017/13803  |8 4  |g 12.40  |0 0  |1 0  |4 0  |d 2017-05-04  |l 0  |r 2025-04-28 00:00:00  |w 2026-02-24